[Event "DSOL 2022"]
[Site "Germany"]
[Date "2022.03.11"]
[Round "4.2"]
[White "Rustem Dautov"]
[Black "Meyer, Armin"]
[Result "1/2-1/2"]
[WhiteElo "1777"]
[BlackElo "2048"]
[Annotator "TA"]
[PlyCount "77"]
[EventDate "2022.01.31"]
[EventType "team-tourn"]
[EventCountry "GER"]
[SourceTitle "playchess.com"]
[Source "ChessBase"]
[SourceQuality "1"]
[WhiteTeam "Deizisau I"]
[BlackTeam "SF Essen-Katernberg"]

{[%evp 9,77,12,13,0,12,0,17,3,15,-1,5,0,0,-45,0,0,0,-16,0,-8,0,-15,0,-35,-30,-30,-14,-21,-24,-21,-24,-25,-17,-22,-27,-23,-6,-4,0,0,0,0,0,0,0,0,0,0,0,-14,-8,-4,0,-38,-38,-28,0,-44,-28,-40,-30,-55,-52,-54,0,-26,0,-39,0,-32]} 1. d4 d5 2. c4 c6 3. Nf3 Nf6 4. e3 a6 5. b3 Bf5 6. Nbd2 {D11: Slav Defence: 3 Nf3 sidelines and 3...Nf6 4 e3 Bg4.} Nbd7 7. Be2 e6 8. O-O Bd6 9. Bb2 {[#]} h5 $146 ({Predecessor:} 9... Ne4 10. Nxe4 Bxe4 11. Nd2 Bg6 12. f4 O-O 13. a4 Nf6 14. c5 Bc7 15. b4 Ne4 {½-½ (50) Starostits,I (2441)-Stepins,E (2306) Riga 2018}) 10. Ne5 Ng4 {[%cal Rd7e5]} 11. Ndf3 (11. Nef3 $1 $11) 11... Ngxe5 (11... Qc7 $15) 12. Nxe5 $11 Qc7 {[%cal Rd7e5]} 13. f4 g6 14. Rc1 Nf6 15. Bf3 Ne4 16. a3 Qe7 17. b4 O-O 18. Nd3 a5 19. c5 Bc7 20. Nf2 axb4 21. axb4 Nxf2 22. Rxf2 Ra2 23. Ra1 Rfa8 24. Rxa2 Rxa2 25. Qb3 Ra7 26. b5 cxb5 27. Qxb5 Qd8 28. h3 h4 29. Be2 Qa8 30. Bd3 Ra5 31. Qb3 (31. Qd7 $5 {[%cal Rd3f5]} Bxd3 32. Qxc7 $11) 31... Bxd3 32. Qxd3 Qa6 33. Qc2 (33. Qxa6 $11 Rxa6 34. Re2) 33... Ra2 34. Qb3 Ra4 35. Bc3 Ra3 36. Qb4 Ra4 37. Qb3 Ra3 38. Qb4 Ra4 39. Qb3 {Weighted Error Value: White=0.11 (very precise) /Black=0.10 (very precise)} 1/2-1/2

[Event "DSOL 2022"]
[Site "Germany"]
[Date "2022.03.11"]
[Round "4.2"]
[White "Sawlin, Leonid"]
[Black "Gypser, Andreas"]
[Result "1-0"]
[WhiteElo "1715"]
[BlackElo "1748"]
[Annotator "NA RC"]
[PlyCount "85"]
[EventDate "2022.01.31"]
[EventType "team-tourn"]
[EventCountry "GER"]
[SourceTitle "playchess.com"]
[Source "ChessBase"]
[SourceQuality "1"]
[WhiteTeam "SK Zehlendorf I"]
[BlackTeam "SK Ludwigshafen"]
[TimeControl "2700+15"]

1. e4 e5 2. Nf3 Nc6 3. Bb5 a6 4. Ba4 Nf6 5. d3 d6 6. c3 Be7 7. Nbd2 O-O 8. h3 b5 9. Bc2 Re8 10. a4 Be6 11. Qe2 h6 12. O-O Bf8 13. d4 exd4 14. cxd4 Bd7 15. axb5 axb5 16. Rxa8 Qxa8 17. e5 dxe5 18. dxe5 Nb4 19. Bb1 Bc6 20. Re1 Nd7 21. Qe3 Bc5 22. Qf4 Qa7 23. Ne4 Bxe4 24. Rxe4 Nd5 25. Qf5 Nf8 26. Bxh6 Ne7 27. Qg4 Bxf2+ 28. Kh2 Neg6 29. e6 Rxe6 30. Rxe6 Nxe6 31. Bxg6 gxh6 32. Ne5 Ng5 33. Bxf7+ Kg7 34. Qf5 Qe3 35. Qg6+ Kf8 36. Qg8+ Ke7 37. Nc6+ Kd6 38. Qg6+ Kd7 39. Nb8+ Ke7 40. Nc6+ Kd7 41. Nb8+ Kc8 42. Qg8+ Kb7 43. Bd5+ 1-0

[Event "DSOL 2022"]
[Site "Germany"]
[Date "2022.03.11"]
[Round "4.2"]
[White "Modler, Andreas"]
[Black "Nguyen Luu, Truong-Son"]
[Result "1/2-1/2"]
[WhiteElo "1706"]
[BlackElo "1560"]
[Annotator "NA RC"]
[PlyCount "120"]
[EventDate "2022.01.31"]
[EventType "team-tourn"]
[EventCountry "GER"]
[SourceTitle "playchess.com"]
[Source "ChessBase"]
[SourceQuality "1"]
[WhiteTeam "SF Berlin I"]
[BlackTeam "SK Zehlendorf II"]
[TimeControl "2700+15"]

1. c4 Nf6 2. Nc3 d5 3. cxd5 Nxd5 4. g3 e6 5. Bg2 Be7 6. d4 O-O 7. Nf3 c5 8. Nxd5 Qxd5 9. O-O Rd8 10. e3 cxd4 11. Nxd4 Qa5 12. Qc2 Na6 13. Bd2 Qb6 14. Nb3 Nb4 15. Qc4 Bd7 16. Bc3 Rac8 17. Qg4 e5 18. Qh5 Bf6 19. Be4 g6 20. Qf3 Kg7 21. a3 Nc6 22. Nd2 h5 23. Rac1 Bg4 24. Qg2 Be6 25. Rfd1 Nd4 26. exd4 exd4 27. Bb4 a5 28. Rxc8 Rxc8 29. Bxb7 Rb8 30. Bd5 axb4 31. Bxe6 Qxe6 32. Qe4 Qa2 33. Qf4 Re8 34. axb4 Qxb2 35. Ne4 Be5 36. Qd2 Qb3 37. Nc5 Qd5 38. Nd3 Bf6 39. h4 Qf3 40. Re1 Rxe1+ 41. Nxe1 Qc3 42. Qxc3 dxc3 43. Kf1 Be7 44. Nc2 f6 45. Ke2 g5 46. b5 gxh4 47. gxh4 Bc5 48. f3 Kg6 49. Kd3 Kf5 50. Kxc3 Kf4 51. Nd4 Kg3 52. Kc4 Bb6 53. Nf5+ Kxf3 54. Kd5 Kg4 55. Ke6 Bd8 56. b6 Bxb6 57. Kxf6 Bd8+ 58. Kg6 Bxh4 59. Ng7 Bg5 60. Nxh5 Bc1 1/2-1/2

[Event "DSOL 2022"]
[Site "Germany"]
[Date "2022.03.11"]
[Round "4.2"]
[White "Brand, Moritz"]
[Black "Werner, Renae"]
[Result "0-1"]
[WhiteElo "1620"]
[BlackElo "1660"]
[Annotator "NA RC"]
[PlyCount "78"]
[EventDate "2022.01.31"]
[EventType "team-tourn"]
[EventCountry "GER"]
[SourceTitle "playchess.com"]
[Source "ChessBase"]
[SourceQuality "1"]
[WhiteTeam "Chemnitzer SC Aufbau"]
[BlackTeam "Kieler SG II"]
[TimeControl "2700+15"]

1. e4 c5 2. Nf3 d6 3. d4 cxd4 4. Nxd4 Nf6 5. Nc3 e6 6. Bd3 Be7 7. O-O O-O 8. Bg5 a6 9. Qf3 Qc7 10. Rfe1 Bd7 11. Qg3 Re8 12. Bh6 Bf8 13. Re3 Nc6 14. Nxc6 Bxc6 15. Rf3 Nd7 16. Rf4 Ne5 17. Rh4 Ng6 18. Rh3 gxh6 19. f4 Qb6+ 20. Kh1 Qxb2 21. Qe1 Bg7 22. Re3 Bxc3 23. Rb1 Bxe1 24. Rxb2 Bd2 25. Rh3 Nxf4 26. Rg3+ Kh8 27. Bc4 Bxe4 28. Rg4 Rg8 29. Rxf4 Bxg2+ 30. Kg1 Bxf4 31. Kf2 Bxh2 32. Rxb7 Bxb7 33. Ke3 Rac8 34. Kd3 Be5 35. Kd2 Rxc4 36. Kc1 Rg1+ 37. Kd2 Rg2+ 38. Kd3 Rcxc2 39. Ke3 Rg3# 0-1

[Event "DSOL 2022"]
[Site "Germany"]
[Date "2022.03.11"]
[Round "4.2"]
[White "Schubert, Ralf"]
[Black "Van der Veen, Terry"]
[Result "0-1"]
[WhiteElo "1588"]
[BlackElo "1620"]
[Annotator "NA"]
[PlyCount "80"]
[EventDate "2022.01.31"]
[EventType "team-tourn"]
[EventCountry "GER"]
[SourceTitle "playchess.com"]
[Source "ChessBase"]
[SourceQuality "1"]
[WhiteTeam "SK Dessau I"]
[BlackTeam "SC Zitadelle Spandau"]
[TimeControl "2700+15"]

1. d4 Nf6 2. Nc3 d5 3. Bg5 g6 4. Qd2 h6 5. Bf4 Bg7 6. h4 c5 7. dxc5 Nc6 8. O-O-O e5 9. Bg3 d4 10. Nb5 O-O 11. f3 Qd5 12. Kb1 Qxc5 13. e3 dxe3 14. Qc3 Qxc3 15. Nxc3 Nh5 16. Bh2 f5 17. Bc4+ Kh7 18. Nge2 f4 19. Nb5 Bf5 20. Nd6 Rad8 21. Nxf5 gxf5 22. Bd3 Nd4 23. Nc1 Kh8 24. c3 Nc6 25. Ne2 a6 26. Bc2 b5 27. Rxd8 Rxd8 28. Bxf5 Rd2 29. Re1 Ne7 30. Bg4 Nf6 31. Be6 Nfd5 32. g3 b4 33. gxf4 bxc3 34. fxe5 Rxb2+ 35. Ka1 Nb4 36. Bb3 Nd3 37. Nxc3 Rxb3 38. axb3 Nxe1 39. f4 Nf5 40. h5 Nf3 0-1

[Event "DSOL 2022"]
[Site "Germany"]
[Date "2022.03.11"]
[Round "4.2"]
[White "Bohner, Joerg"]
[Black "Spieker, Hans-Joachim"]
[Result "1-0"]
[WhiteElo "1562"]
[BlackElo "1971"]
[Annotator "TA"]
[PlyCount "71"]
[EventDate "2022.01.31"]
[EventType "team-tourn"]
[EventCountry "GER"]
[SourceTitle "playchess.com"]
[Source "ChessBase"]
[SourceQuality "1"]
[WhiteTeam "SC Schleispringer Kappeln"]
[BlackTeam "Hamelner SV"]

{[%evp 9,71,-56,-35,-41,-47,-43,-16,-31,-2,-17,-23,-60,-56,-54,-23,-68,-27,-60,-55,-62,-40,-98,-93,-109,-83,-182,-165,-330,-313,-313,29,31,27,32,23,22,84,85,359,172,185,183,260,212,252,251,670,322,659,652,902,902,902,902,902,902,12837,12838,12839,12839,29989,1106,29990,5381]} 1. d4 d5 2. e4 dxe4 3. Nc3 Nf6 4. f3 exf3 5. Nxf3 g6 6. Bg5 {D00: 1 d4 d5: Unusual lines.} Bg7 7. Qd2 h6 8. Bf4 {[#] The position is equal.} Bg4 $146 ({Predecessor:} 8... Be6 9. O-O-O Nd5 10. Nxd5 Bxd5 11. Qe3 Nd7 12. Bd3 Nb6 13. Be5 O-O 14. Bxg7 Kxg7 {1-0 (23) Preussner,M (1855)-Matrisch,G (1750) GER email 2013}) 9. O-O-O c6 10. h3 Bxf3 11. gxf3 Nbd7 12. Rg1 (12. d5 $11) 12... Nb6 (12... Qa5 $15) 13. Bd3 Nbd5 14. Be5 Nxc3 15. bxc3 {[#]} (15. Qxc3 $15 Nd5 16. Qe1 Bxe5 17. Qxe5) 15... Qa5 $1 $17 16. Kb2 {To avoid Qa3+} O-O-O 17. Bf5+ e6 18. Bxe6+ $2 (18. Bd3) 18... fxe6 $19 19. Rxg6 {[#]} Qxe5 $2 20. dxe5 $11 {Really sharp!} Rxd2 21. Rxd2 Nh5 22. Rxe6 Nf4 (22... Rf8 $11) 23. Re7 $16 Bf8 {[%mdl 8192] Loses the game.} (23... Rg8 $16 {might work better.}) 24. Rf7 (24. Re8+ $142 Kc7 25. Kb3) 24... Ne6 25. f4 {[%cal Bf3f4,Bf4f5][%mdl 32]} h5 (25... a5 {keeps fighting.} 26. Rdd7 Nc5) 26. f5 Bh6 27. Rdd7 Nd8 (27... Nc5 28. Rh7 Rxh7 29. Rxh7 Bf4) 28. Rc7+ Kb8 29. Rh7 Re8 {[%cal Oe8e5]} 30. Rce7 Rxe7 31. Rxe7 Bg5 32. Rg7 Bf4 33. e6 {White wants to mate with e7.} Nxe6 34. fxe6 {White threatens e7 and mate.} Kc8 35. Kb3 (35. Rg8+ $142 Kc7 36. e7 h4 37. e8=Q Kb6 38. Qe7 a5 39. a4 Bh6 40. Rb8) 35... h4 {[#]} 36. Rxb7 $3 {[%mdl 512] Weighted Error Value: White=0.52/Black=1.25} 1-0

[Event "DSOL 2022"]
[Site "Germany"]
[Date "2022.03.11"]
[Round "4.3"]
[White "Brock, Friedemann"]
[Black "Braeutigam, Katerina"]
[Result "1-0"]
[WhiteElo "1941"]
[BlackElo "1715"]
[Annotator "TA"]
[PlyCount "75"]
[EventDate "2022.01.31"]
[EventType "team-tourn"]
[EventCountry "GER"]
[SourceTitle "playchess.com"]
[Source "ChessBase"]
[SourceQuality "1"]
[WhiteTeam "TSG Taucha I"]
[BlackTeam "Doppelbauer Kiel I"]

{[%evp 21,75,122,113,111,121,117,120,113,256,141,141,139,140,114,144,132,138,135,188,170,200,197,204,198,197,190,209,209,245,240,247,203,214,214,225,210,341,265,392,293,359,333,562,552,1484,1482,1361,1318,2012,1241,7571,8710,6257,5818,29991,29992]} 1. d4 Nf6 2. c4 e6 3. Nf3 b6 4. g3 Bb7 5. Bg2 Be7 6. Nc3 O-O 7. O-O d5 8. Ne5 Nbd7 9. Qa4 Nxe5 10. dxe5 Nd7 11. cxd5 exd5 12. Nxd5 {E18: Queen's Indian: Old Main Line (4 g3 Bb7 5 Bg2 Be7 6 0-0 0-0 7 Nc3).} Nc5 13. Qd4 Ne6 14. Qc4 {[#] White is much more active. Black has bad knights. White is better.} Bc5 $146 {[#]} (14... c6 $16 {was called for.}) ({Predecessor:} 14... c6 15. Nf4 Nxf4 16. Bxf4 b5 17. Qb3 a5 18. e6 f5 19. a4 b4 20. Rfd1 Qe8 21. Rd7 {1-0 (21) Aleksic,N (2146)-Sabanagic,M (1612) Sarajevo 2016}) 15. Rd1 (15. Nf6+ $1 $18 {[%mdl 512]} gxf6 16. Bxb7) 15... Bxd5 $16 16. Rxd5 ({Reject} 16. Bxd5 $6 c6 17. b4 cxd5 18. Rxd5 Bxf2+ 19. Kxf2 Qe7 $11) ({Much less strong is} 16. Qxd5 Qxd5 17. Bxd5 (17. Rxd5 Rad8 $14) 17... Rad8 $16) 16... Qe7 17. Bd2 Rad8 18. Bc3 $36 {[%mdl 2048] White is on the roll.} Rxd5 19. Bxd5 {b4 is the strong threat. A strong pair of Bishops.} ({Don't do} 19. Qxd5 Rd8 20. Qc4 Bd4 $16) 19... a5 {Inhibits b4.} (19... c6 $16 {might work better.}) 20. Rd1 $18 Rd8 {[%cal Oc7c6] [#] Hoping for ...c6!} 21. Rd3 Rb8 22. a4 Rc8 23. Qg4 c6 24. Bc4 Rb8 25. Kg2 b5 26. Bb3 b4 27. Bd2 {[%cal Bc3d2,Bd2c1,Bc1b2][%mdl 32]} Re8 28. Bc4 Rb8 (28... Rd8 $142 29. Rxd8+ Qxd8) 29. b3 Ra8 (29... Rd8 $142 30. Rxd8+ Nxd8) 30. Bc1 {Black must now prevent f4.} Kh8 31. Bb2 Kg8 $2 (31... Rd8 32. Rxd8+ Nxd8) 32. f4 {[%cal Bf2f4,Bf4f5][%mdl 32]} Nf8 33. f5 {White threatens f6 and mate.} g6 34. e6 f6 35. h4 {[%cal Bh2h4,Bh4h5][%mdl 32] Strongly threatening fxg6.} Kg7 36. fxg6 hxg6 37. h5 {White wants to mate with Rf3.} g5 38. Qxg5+ {Weighted Error Value: White=0.20 (precise) /Black=0.71} 1-0

[Event "DSOL 2022"]
[Site "Germany"]
[Date "2022.03.11"]
[Round "4.3"]
[White "Kalabic, Faris"]
[Black "Lambert, Andreas"]
[Result "1-0"]
[WhiteElo "1824"]
[BlackElo "1534"]
[Annotator "NA"]
[PlyCount "61"]
[EventDate "2022.01.31"]
[EventType "team-tourn"]
[EventCountry "GER"]
[SourceTitle "playchess.com"]
[Source "ChessBase"]
[SourceQuality "1"]
[WhiteTeam "SK Zehlendorf I"]
[BlackTeam "SK Ludwigshafen"]
[TimeControl "2700+15"]

1. d4 d5 2. Nf3 Nf6 3. Bf4 c5 4. e3 Nc6 5. c3 cxd4 6. exd4 Bf5 7. Nbd2 e6 8. Qb3 Qc8 {8...Bd6 is the fancy move.} 9. Nh4 Bg4 10. h3 Bh5 11. Bd3 Be7 12. Nhf3 O-O 13. O-O {[#]} Bd8 $146 ({Predecessor:} 13... Bg6 14. Bxg6 hxg6 15. Rfe1 a6 16. Rad1 b5 17. Qc2 a5 18. Qd3 Qa6 19. Rc1 a4 {½-½ (36) Egorov,V (2334)-Boda,A (2108) LSS email 2014}) 14. Qc2 Bg6 15. Bxg6 hxg6 16. Rfe1 Bc7 17. Be5 Nxe5 18. dxe5 Nd7 19. Qd3 Re8 20. c4 Qb8 21. Qd4 Nb6 $2 {[#]} (21... Bb6 $11 22. Qh4 Qd8) 22. Ng5 $1 Nxc4 (22... Nd7 {was called for.}) 23. Nxc4 dxc4 $2 (23... Bd8 24. Nxf7 dxc4) 24. Qh4 Bxe5 {[#]} 25. Rad1 $18 Rd8 26. Rxd8+ Qxd8 27. Rxe5 Qd1+ 28. Kh2 Qd6 29. Qh7+ Kf8 30. Qh8+ Ke7 31. Qxg7 1-0

[Event "DSOL 2022"]
[Site "Germany"]
[Date "2022.03.11"]
[Round "4.3"]
[White "Schaefer, Konstantin"]
[Black "Faldum, Manfred"]
[Result "0-1"]
[WhiteElo "1799"]
[BlackElo "1617"]
[Annotator "NA"]
[PlyCount "150"]
[EventDate "2022.01.31"]
[EventType "team-tourn"]
[EventCountry "GER"]
[SourceTitle "playchess.com"]
[Source "ChessBase"]
[SourceQuality "1"]
[WhiteTeam "SG Leipzig"]
[BlackTeam "SF Heidesheim I"]
[TimeControl "2700+15"]

1. e4 g6 2. d4 Bg7 3. Bc4 c5 4. c3 Qb6 5. dxc5 Qxc5 6. Qb3 e6 7. Be3 Qa5 8. f4 Nf6 9. e5 Ng4 10. Bd4 Nc6 11. Nd2 d5 12. Be2 Nh6 13. Ngf3 O-O 14. O-O Nf5 15. Bf2 h5 16. Rfd1 Qc7 17. c4 Na5 18. Qc3 dxc4 19. Nxc4 Nxc4 20. Qxc4 Qxc4 21. Bxc4 b6 22. Nd4 Nxd4 23. Rxd4 Bb7 24. Rd7 Bc6 25. Rd6 Bb7 26. Rad1 Rfc8 27. b3 Bf8 28. R6d3 Be4 29. Rd4 Bc6 30. a4 Be7 31. g3 Kf8 32. Kf1 Bc5 33. R4d3 Bxf2 34. Kxf2 Bxa4 35. Bxe6 Rc2+ 36. R1d2 Rxd2+ 37. Rxd2 fxe6 38. bxa4 Ke7 39. Rc2 Rd8 40. Ke3 Kd7 41. h3 Rc8 42. Rd2+ Ke7 43. g4 Rc4 44. Rd4 Rc1 45. Rd3 Ra1 46. f5 exf5 47. gxf5 gxf5 48. Kf4 Rf1+ 49. Kg5 Ke6 50. Kxh5 Rg1 51. Rd8 Kxe5 52. Rd7 f4 53. Rxa7 f3 54. Rf7 Ke4 55. h4 Ke3 56. Re7+ Kd2 57. Rd7+ Ke2 58. Re7+ Kf1 59. Re6 f2 60. Rxb6 Rg8 61. Kh6 Kg2 62. Rf6 Ra8 63. Kg7 Ra5 64. Rg6+ Kh3 65. Rf6 Kg3 66. Rf8 Rh5 67. a5 Rxh4 68. a6 Ra4 69. Rf6 Ra1 70. Rg6+ Kf4 71. Rf6+ Ke3 72. Re6+ Kd4 73. Rf6 f1=Q 74. Rxf1 Rxf1 75. a7 Ra1 0-1

[Event "DSOL 2022"]
[Site "Germany"]
[Date "2022.03.11"]
[Round "4.3"]
[White "Schaefer, Sven"]
[Black "Schirrmacher, Carsten"]
[Result "0-1"]
[WhiteElo "1671"]
[BlackElo "1620"]
[Annotator "NA RC"]
[PlyCount "96"]
[EventDate "2022.01.31"]
[EventType "team-tourn"]
[EventCountry "GER"]
[SourceTitle "playchess.com"]
[Source "ChessBase"]
[SourceQuality "1"]
[WhiteTeam "SK Dessau I"]
[BlackTeam "SC Zitadelle Spandau"]
[TimeControl "2700+15"]

1. e4 e5 2. Nf3 Nc6 3. Bc4 Be7 4. O-O Nf6 5. d3 d6 6. a4 O-O 7. Re1 Kh8 8. a5 a6 9. c3 Ng8 10. d4 f5 11. dxe5 fxe4 12. Rxe4 Rxf3 13. gxf3 Nxe5 14. Bf4 Nxc4 15. Rxc4 Bd7 16. Re4 Bc6 17. Re1 Qd7 18. Nd2 Rf8 19. Bg3 h5 20. h4 Qh3 21. Re3 Bxh4 22. Qf1 Qxf1+ 23. Kxf1 Bg5 24. f4 Bd8 25. Nf3 Nh6 26. Ng5 Nf5 27. Ne6 Nxe3+ 28. fxe3 Re8 29. Nxd8 Rxd8 30. Kf2 Kh7 31. Bh4 Re8 32. Rg1 Be4 33. Rd1 Kg6 34. Rg1+ Kf7 35. Rg5 g6 36. Rg1 Ke6 37. Rd1 Rf8 38. Bg5 Rf7 39. Bh4 Rf5 40. Bd8 Kd7 41. Rd4 Bc6 42. Bg5 Rxa5 43. e4 Ra2 44. f5 gxf5 45. exf5 Rxb2+ 46. Kg3 Rb3 47. Rd3 Be4 48. Re3 Bxf5 0-1

[Event "DSOL 2022"]
[Site "Germany"]
[Date "2022.03.11"]
[Round "4.3"]
[White "Becker, Mathias"]
[Black "Schmidt, Peter"]
[Result "1-0"]
[WhiteElo "1620"]
[BlackElo "1475"]
[Annotator "NA RC"]
[PlyCount "77"]
[EventDate "2022.01.31"]
[EventType "team-tourn"]
[EventCountry "GER"]
[SourceTitle "playchess.com"]
[Source "ChessBase"]
[SourceQuality "1"]
[WhiteTeam "Chemnitzer SC Aufbau"]
[BlackTeam "Kieler SG II"]
[TimeControl "2700+15"]

1. e4 e5 2. Nf3 Nc6 3. d4 exd4 4. Nxd4 Bc5 5. Be3 Qf6 6. c3 Nge7 7. Bc4 b6 8. O-O Bb7 9. Nb5 O-O-O 10. Bxc5 bxc5 11. Nd2 a6 12. Na3 d5 13. exd5 Ne5 14. Ne4 Qg6 15. Nxc5 Nxd5 16. Qb3 Nb6 17. Nxb7 Nf3+ 18. Kh1 Nd2 19. Bxf7 Nxb3 20. Bxg6 Nxa1 21. Nxd8 Kxd8 22. Bd3 Na4 23. Rxa1 Rf8 24. f3 Nxb2 25. Bxa6 Rf6 26. Bf1 Rd6 27. Nc4 Nxc4 28. Bxc4 Rc6 29. Rd1+ Ke7 30. Rd4 h6 31. Kg1 Rb6 32. Kf2 Rb2+ 33. Kg3 Rc2 34. Rd3 g5 35. a4 h5 36. a5 Rc1 37. a6 Ra1 38. Rd2 Ra3 39. Ra2 1-0

[Event "DSOL 2022"]
[Site "Germany"]
[Date "2022.03.11"]
[Round "4.3"]
[White "Noetzel, Felix"]
[Black "Heerde, Thomas"]
[Result "1-0"]
[WhiteElo "1598"]
[BlackElo "1538"]
[Annotator "NA RC"]
[PlyCount "63"]
[EventDate "2022.01.31"]
[EventType "team-tourn"]
[EventCountry "GER"]
[SourceTitle "playchess.com"]
[Source "ChessBase"]
[SourceQuality "1"]
[WhiteTeam "SF Berlin I"]
[BlackTeam "SK Zehlendorf II"]
[TimeControl "2700+15"]

1. c4 e5 2. Nc3 Nc6 3. g3 f5 4. d3 Nf6 5. Nf3 Bc5 6. Bh3 d6 7. Nh4 Ng4 8. Bxg4 fxg4 9. Ne4 Bb4+ 10. Bd2 O-O 11. O-O Bxd2 12. Qxd2 Nd4 13. Ng2 a5 14. Ne3 a4 15. Nc2 Ne6 16. d4 exd4 17. Nxd4 Kh8 18. Rad1 Nxd4 19. Qxd4 Bf5 20. Nc3 Qe8 21. c5 dxc5 22. Qxc5 Ra6 23. Qxc7 a3 24. Qxb7 Bc8 25. Qb4 axb2 26. Qxb2 Rh6 27. Qb4 Rg8 28. Qe4 Qh5 29. Qg2 Bb7 30. e4 Qe5 31. Nd5 Ra8 32. Rd2 1-0

[Event "DSOL 2022"]
[Site "Germany"]
[Date "2022.03.11"]
[Round "4.3"]
[White "Heimann, Andreas"]
[Black "Dette, Jan"]
[Result "1/2-1/2"]
[WhiteElo "1580"]
[BlackElo "1725"]
[Annotator "NA RC"]
[PlyCount "95"]
[EventDate "2022.01.31"]
[EventType "team-tourn"]
[EventCountry "GER"]
[SourceTitle "playchess.com"]
[Source "ChessBase"]
[SourceQuality "1"]
[WhiteTeam "Deizisau I"]
[BlackTeam "SF Essen-Katernberg"]
[TimeControl "2700+15"]

1. e4 c6 2. Nc3 d5 3. Nf3 Bg4 4. h3 Bxf3 5. Qxf3 e6 6. Be2 Nd7 7. O-O Ngf6 8. d4 dxe4 9. Nxe4 Nxe4 10. Qxe4 Nf6 11. Qd3 Bd6 12. c4 O-O 13. Rd1 e5 14. Be3 e4 15. Qc2 h6 16. d5 cxd5 17. cxd5 Rc8 18. Qb3 Qe7 19. g3 Nd7 20. Qxb7 Rb8 21. Qxa7 Rxb2 22. Bc4 Rd8 23. Rab1 Qf6 24. Rxb2 Qxb2 25. Bd4 Qc2 26. Bb3 Qe2 27. Qa5 Rc8 28. Qe1 Qf3 29. Qe3 Qf5 30. Re1 Re8 31. g4 Qg6 32. Ba4 Re7 33. Bxd7 Rxd7 34. Qxe4 Re7 35. Qb1 h5 36. f3 hxg4 37. fxg4 Bh2+ 38. Kxh2 Qd6+ 39. Kg2 Qxd5+ 40. Kg3 Rxe1 41. Qxe1 Qxd4 42. Qe8+ Kh7 43. Qxf7 Qg1+ 44. Kh4 Qe1+ 45. Kg5 Qe3+ 46. Kf5 Qf2+ 47. Ke6 Qxa2+ 48. Ke7 1/2-1/2

[Event "DSOL 2022"]
[Site "Germany"]
[Date "2022.03.11"]
[Round "4.3"]
[White "Marquardt, Erik"]
[Black "Krumschmidt, Michael"]
[Result "0-1"]
[WhiteElo "1552"]
[BlackElo "1697"]
[Annotator "NA"]
[PlyCount "56"]
[EventDate "2022.01.31"]
[EventType "team-tourn"]
[EventCountry "GER"]
[SourceTitle "playchess.com"]
[Source "ChessBase"]
[SourceQuality "1"]
[WhiteTeam "SC Schleispringer Kappeln"]
[BlackTeam "Hamelner SV"]
[TimeControl "2700+15"]

1. d4 Nf6 2. c4 d6 3. Nc3 g6 4. h3 Bg7 5. Bf4 Nbd7 6. e3 O-O 7. Nf3 a6 8. Bd3 Qe8 9. d5 e5 10. dxe6 fxe6 11. O-O e5 12. Bg5 e4 13. Bxf6 Nxf6 14. Be2 exf3 15. Bxf3 c6 16. Qxd6 Bf5 17. Qb4 Rf7 18. Rfe1 Ne4 19. Ne2 Qf8 20. Qb6 Nd2 21. Nd4 Nxc4 22. Qb3 Nd2 23. Qd1 Nxf3+ 24. Nxf3 Re8 25. Ng5 Rfe7 26. Qb3+ Kh8 27. Rad1 h6 28. e4 hxg5 0-1

[Event "DSOL 2022"]
[Site "Germany"]
[Date "2022.03.11"]
[Round "4.4"]
[White "Misini, Burhanudin"]
[Black "Balov, Darko"]
[Result "1-0"]
[WhiteElo "1896"]
[BlackElo "1709"]
[Annotator "NA"]
[PlyCount "73"]
[EventDate "2022.01.31"]
[EventType "team-tourn"]
[EventCountry "GER"]
[SourceTitle "playchess.com"]
[Source "ChessBase"]
[SourceQuality "1"]
[WhiteTeam "SK Ludwigshafen"]
[BlackTeam "SK Zehlendorf I"]
[TimeControl "2700+15"]

1. e4 c6 2. d4 d5 3. e5 Bf5 4. h4 h5 5. a3 e6 6. Nf3 Nd7 7. c4 dxc4 8. Bxc4 Nb6 9. Be2 Ne7 10. Nc3 Ned5 11. O-O Be7 12. g3 Rc8 13. Ng5 g6 14. Nce4 Kf8 15. b4 a5 16. bxa5 Nd7 17. a6 b5 18. a4 b4 19. Bb2 Kg7 20. Rc1 Qb6 (20... Qa5 $14) 21. Bd3 Rhd8 (21... Bxg5 $11 22. a5 (22. hxg5 Bxe4 23. a5 Qxa5 $11) (22. Nxg5 Bxd3 23. Qxd3 Ra8 $11) 22... Bxc1 23. axb6 Bxb2) 22. Qe2 Qa5 23. Kh2 (23. f3 $16) 23... c5 (23... N7b6 $11) 24. dxc5 Bxg5 (24... Nxc5 $16 25. Nxc5 Rxc5) 25. Nxg5 ({Stronger than} 25. hxg5 Bxe4 26. Bxe4 (26. Qxe4 Nxc5 27. Qf3 Nxd3 $17) 26... Nxc5 $14) 25... Bxd3 26. Qxd3 Nxc5 27. Qb5 Qxb5 28. axb5 Nd3 29. Rxc8 Rxc8 30. Bd4 b3 31. b6 b2 32. b7 Rc1 {[#]} 33. b8=Q $1 Rxf1 34. a7 b1=Q 35. Qxb1 Rxb1 36. a8=Q Rb4 37. Qa7 1-0

[Event "DSOL 2022"]
[Site "Germany"]
[Date "2022.03.11"]
[Round "4.4"]
[White "Loef, Dirk"]
[Black "Zinke, Mirko"]
[Result "1-0"]
[WhiteElo "1761"]
[BlackElo "1620"]
[Annotator "NA RC"]
[PlyCount "153"]
[EventDate "2022.01.31"]
[EventType "team-tourn"]
[EventCountry "GER"]
[SourceTitle "playchess.com"]
[Source "ChessBase"]
[SourceQuality "1"]
[WhiteTeam "SF Heidesheim I"]
[BlackTeam "SG Leipzig"]
[TimeControl "2700+15"]

1. d4 Nf6 2. Nc3 g6 3. Bg5 Bg7 4. Qd2 d6 5. Bh6 O-O 6. O-O-O Nbd7 7. Nf3 c5 8. h4 a6 9. Bxg7 Kxg7 10. h5 Rh8 11. e4 Qc7 12. h6+ Kf8 13. dxc5 Qxc5 14. Bd3 b5 15. Qf4 Ne5 16. Nd5 Nxd5 17. exd5 Nxd3+ 18. Rxd3 Bf5 19. Ng5 Ke8 20. Rd2 f6 21. Ne4 Bxe4 22. Qxe4 Rc8 23. Re1 Rc7 24. Qe6 Rf8 25. Re3 a5 26. Rc3 Qb6 27. Re2 Rf7 28. Qe3 Qxe3+ 29. Rexe3 Rxc3 30. Rxc3 Kd7 31. Ra3 Kc7 32. Rxa5 Kb6 33. Ra8 f5 34. Rg8 f4 35. Rg7 Rf5 36. Rxh7 Rxd5 37. Rxe7 Rh5 38. h7 Kc5 39. Kd2 d5 40. Ke2 g5 41. Kf3 Kd6 42. Rg7 Rh4 43. Rg6+ Ke5 44. Rxg5+ Kf6 45. Rxd5 Rxh7 46. Rxb5 Rc7 47. c3 Ra7 48. a3 Rd7 49. Kxf4 Rd2 50. Kg3 Ke6 51. c4 Rc2 52. a4 Kd6 53. b3 Kc6 54. f3 Rc1 55. Kf4 Rg1 56. g4 Rd1 57. g5 Rg1 58. Kf5 Kd6 59. f4 Rf1 60. g6 Ke7 61. Rb7+ Kf8 62. Kg5 Rg1+ 63. Kf6 Ke8 64. Rb8+ Kd7 65. g7 Rxg7 66. Kxg7 Kc7 67. Rb5 Kd8 68. f5 Ke7 69. a5 Kd7 70. f6 Kc7 71. a6 Kc6 72. f7 Kd7 73. a7 Kc7 74. a8=Q Kd7 75. Qd5+ Kc7 76. f8=N Kc8 77. Qd7# 1-0